000 00504nam a2200169 i 4500
001 27563
003 ES-MaACL
005 20230906153640.0
007 t|
008 030115q1923 sp ||||1| spa d
100 1 _aAraquistáin, Luis,
_d1886-1959
_922345
245 1 0 _aRemedios heróicos
_b: drama en tres actos /
_cLuis Araquistáin.
260 _aMadrid :
_b[s.n.,
_c1923?] (
_fG. Hernández y Galo Sèz)
300 _a171 p. ;
_c20 cm.
852 _aES-MaACL
_jF-12558
999 _c27563
_d27563